000 00397 a2200157 4500
999 _c12671
_d12671
003 OSt
005 20240713113338.0
008 240713b ||||| |||| 00| 0 eng d
020 _a‎ 9780241298831
082 _a720.954
100 _aDK
245 _aGreat Buildings: The World's Architectural Masterpieces Explored and Explained
260 _b DK
_c2017
300 _a256p;
942 _2ddc